000 02074cam a22004214i 4500
003 PE-LiUPU
005 20250731173248.0
008 150625s r 000 0 d
035 _a(Sirsi) a35492
040 _aPE-LiUPU
_bspa
_cPE-LiUPU
_erda
082 0 4 _a231.042
_bS14
_221
100 1 _aSahagún Lucas, Juan de,
_eautor.
245 1 0 _aDios, horizonte del hombre /
_cJuan de Sahagun Lucas.
264 1 _aMadrid :
_bBiblioteca de Autores Cristianos,
_c1994.
300 _a312 páginas ;
_c21.5 cm.
336 _atext
_2rdacontent
337 _aunmediated
_2rdamedia
338 _avolume
_2rdacarrier
505 0 _aEl hombre pregunta por Dios. -Génesis de la idea de Dios en el hombre y formas históricas del encuentro con la divinidad. -Búsqueda cultural de Dios. -Dios en la historia de la filosofia. -Condicioones antropológicas de la afirmación de Dios: experiencia prerreflexiva y reflexión filosófica. -La demostración.¿Es posible demostrar la existencia de Dios?. -El argumento antológico de San Anselmo. -Las vías de Santo Tomás de Aquino. -Prueba de la existencia de Dios por la conciencia moral. -La Naturaleza de Dios. Su cognoscibilidad. -Lenguaje humano sobre Dios. Relación de Dios con el mundo. Panteísmo. -La acción de Dios en el mundo. Creación y conservación. -El problema del mal. Perspectivas filosóficas. -Tipología del ateísmo contemporáneo.
526 _aSEG42
526 _aSEG41
526 _aSEG40
526 _aSEG39
526 _aP94
526 _aP87
526 _aP86
526 _aP85
526 _aP77
526 _aP76
526 _aP35
650 0 4 _aDios.
_93786
910 _a
942 _2ddc
_cBOOK
949 _a231.042 S14
_wDEWEY
_c1
_i37552
_lCCODEBUL1
_mBUL
_p00.00
_r0
_sY
_tBOOK
_u2015-06-25
_xBIBLIOTECA
_zUNKNOWN
_0COMPRA
_o.STAFF. Colección General
596 _a1
999 _a231.042 S14
_wDEWEY
_c43462
_i37552
_f2021-11-9
_g5
_lCCODEBUL1
_mBUL
_r0
_sY
_tBOOK
_u2015-6-25
_xTEOLOGIA
_zUNKNOWN
_0COMPRA
_o.STAFF. Colección General
_d43462
980 _81
_gALBERTO SANCHEZ Responsable de Automatización